El futuro del talento : gestión del talento para sobrevivir la crisis /

Guardado en:
Autor Principal: Hatum, Andrés
Otros Autores: Ghelfi, Emilia, (trad.)
Formato: Libro
Idioma:Spanish
Publicado: Buenos Aires : Temas Grupo Editorial, 2011
Edición:1a. ed.
Materias:
Etiquetas: Agregar Etiqueta
Sin Etiquetas, Sea el primero en etiquetar este registro!
LEADER 00655nam a22001935a 4500
001 DER.der012592
008 180615s2011####|||||||||||||||||#||spa||
005 20260206085812.0
245 1 0 |a El futuro del talento :  |b gestión del talento para sobrevivir la crisis /  |c Andrés Hatum. 
250 |a 1a. ed. 
260 |a Buenos Aires :  |b Temas Grupo Editorial,  |c 2011 
300 |a 222 p. 
020 |a 9789509445994 
100 1 |a Hatum, Andrés 
700 1 |a Ghelfi, Emilia,  |e trad. 
650 7 |a RECURSOS HUMANOS 
859 |a DERECHO  |b BIB. DERECHO  |h 658  |i HAT  |p 007432 
859 |a DERECHO  |b BIB. DERECHO  |h 658  |i HAT  |p 007433  |t 1 
859 |a DERECHO  |b BIB. DERECHO  |h 658  |i HAT  |p 007434  |t 2